ბათუმის შოთა რუსთაველის სახელმწიფო უნივერსიტეტის ბიბლიოთეკა

სამხრეთ – დასავლეთ საქართველოს ისტორიის ნარკვევები : (ბიბ.ჩანაწერი № 47831)

000 -ლიდერი
ფიქსირებული სიგრძის საკონტროლო ველი 01784nam a2200277Ia 4500
001 - საკონტროლო ნომერი
საკონტროლო ველი 14705
003 - საკონტროლო ნომრის იდენტიფიკატორი
საკონტროლო ველი GE_BSU
005 - ბოლო ოპერაციის თარიღი და დრო
საკონტროლო ველი 20191024122255.0
008 - ფიქსირებული სიგრძის მონაცემთა ელემენტები - ზოგადი ინფორმაცია
ფიქსირებული სიგრძის საკონტროლო ველი 181216s2009||||ge |||||||||||||| ||geo||
020 ## - წიგნის საერთაშორისო სტანდარტული ნომერი
International Standard Book Number 9789941412196
040 ## - კატალოგიზაციის წყარო
Transcribing agency GE_BSU
041 ## - ენის კოდი
Language code of text/sound track or separate title geo
080 ## - უნივერსალური ათობითი კლასიფიკაციის ინდექსი
Universal Decimal Classification number 94(479.22)+94(479.223) ს-24
245 ## - ცნობა სათაურის შესახებ
Title სამხრეთ – დასავლეთ საქართველოს ისტორიის ნარკვევები :
Remainder of title აჭარა = Очерки истории Юго-Западной Грузии : Аджария : 4 ტომად. ტ. 2 : V საუკუნე-1877 წელი /.
Statement of responsibility, etc ავტ.: დავით ხახუტაიშვილი, მარიამ ლორთქიფანიძე, ნოდარ შენგელია [და სხვ.] ; რედ. ნოდარ კახიძე.
264 ## - წარმოების, გამოცემის, დისტრიბუციის და სხვა ცნობები
გამოცემის, წარმოების, დისტრიბუციის... ადგილი ბათუმი :
გამოცემის, წარმოების, დისტრიბუციის... სახელწოდება შოთა რუსთაველის სახ. უნ-ტის გამ-ბა,
გამოცემის, წარმოების, დისტრიბუციის... თარიღი 2009.
300 ## - ფიზიკური აღწერა
Extent 608 გვ. ;
Other physical details 30 სმ.
501 ## - შენიშვნა თანმხლებ მასალაზე
With note შემოკლებანი: გვ. 607.
504 ## - BIBLIOGRAPHY, ETC. NOTE
Bibliography, etc ბიბლიოგრ. ტექსტის შენიშვნ.
653 ## - INDEX TERM--UNCONTROLLED
Uncontrolled term აჭარის ისტორია;
653 ## - INDEX TERM--UNCONTROLLED
Uncontrolled term სამხრეთ-დასავლეთ საქართველოს ისტორია;
700 ## - ADDED ENTRY--PERSONAL NAME
Personal name ხახუტაიშვილი, დავით
Relator term ავტორი
9 (RLIN) 1441
700 ## - ADDED ENTRY--PERSONAL NAME
Personal name ლორთქიფანიძე, მარიამ
Relator term ავტორი
9 (RLIN) 1534
700 ## - ADDED ENTRY--PERSONAL NAME
Personal name შენგელია, ნოდარ და სხვ.
Relator term ავტორი
9 (RLIN) 4987
710 ## - ADDED ENTRY--CORPORATE NAME
Corporate name or jurisdiction name as entry element კახიძე, ნოდარ
Subordinate unit რედაქტორი
9 (RLIN) 4988
942 ## - ADDED ENTRY ELEMENTS (KOHA)
Koha item type წიგნი
Source of classification or shelving scheme
ეგზემპლარები
ჩამოწერის სტატუსი დაკარგული ეგზემპლარის სტატუსი კლასიფიკაციის წყარო ან თაროზე გაწყობის სქემა დაზიანების სტატუსი არ გაიცემა მუდმივი მდებარეობა (დაცვის ადგილი) ამჟამინდელი ადგილსამყოფელი თაროზე განთავსების ადგილი შეძენის თარიღი სრული შენახვის შიფრი შტრიხკოდი ბოლო ოპერაციის თარიღი ეგზემპლარის მიმდევრობითი ნომერი (კეტერი?) ფასის ძალაში შესვლის თარიღი ეგზემპლარის სახეობა ღირებულება, შესყიდვის ნორმალური ფასი საჯარო შენიშვნა
          ბათუმის შოთა რუსთაველის სახელმწიფო უნივერსიტეტის მთავარი ბიბლიოთეკა ბათუმის შოთა რუსთაველის სახელმწიფო უნივერსიტეტის მთავარი ბიბლიოთეკა წიგნსაცავი 2018-12-17 94(479.22)+94(479.223) ს-24 6470 2018-12-17 6470 2018-12-17 წიგნი    
          ბათუმის შოთა რუსთაველის სახელმწიფო უნივერსიტეტის მთავარი ბიბლიოთეკა ბათუმის შოთა რუსთაველის სახელმწიფო უნივერსიტეტის მთავარი ბიბლიოთეკა   2018-12-17 94(479.22)+94(479.223) ს-24 27890 2018-12-17 27890 2018-12-17 წიგნი 15.00 15 ლ.